000 00567nam a2200205Ia 4500
005 20250508164949.0
008 008 250505s9999 xx 000 0 eng d
037 _aTextBook
040 _aFEDL
_beng
_cFEDL
041 _aeng
_2eng
084 _a510, MOO/R
_qFEDL
100 _aMooney Claire and Other
_9779603
245 0 _aPrimary mathematics: Knowledge and understanding
250 _a4
260 _aGlasgow, UK
_bLearning Matters Ltd.
_c2009
300 _a156p.
365 _aGBP
_b17
942 _cTB
_h510, MOO/R
999 _c1392313
_d1392313